Influência da remoção de serapilheira no teor de fósforo e potássio na Amazônia OrientaL (Registro n. 340189)
[ somente texto ]
| 000 -LÍDER | |
|---|---|
| fixed length control field | 03524nab a2200313 i 4500 |
| 003 - CÓDIGO MARC DA AGÊNCIA CATALOGADORA | |
| Campo de controle | BR-BrBNA |
| 005 - DATA E HORA DA ÚLTIMA ATUALIZAÇÃO | |
| Campo de controle | 20260225141956.0 |
| 008 - CAMPO DE TAMANHO FIXO | |
| fixed length control field | 260225b2017 bl.qr|pooa||| 00| 0 por | |
| 040 ## - FONTE DA CATALOGAÇÃO | |
| Agência catalogadora | BR-BrBNA |
| Idioma da catalogação | por |
| 072 ## - CATEGORIA AGRIS | |
| Código AGRIS | K10 |
| 072 ## - CATEGORIA AGRIS | |
| Código AGRIS | P33 |
| 100 ## - ENTRADA PRINCIPAL - NOME PESSOAL | |
| Nome pessoal | Pereira, Denise Nunes |
| 100 ## - ENTRADA PRINCIPAL - NOME PESSOAL | |
| Nome pessoal | Martins, Walmer Bruno Rocha |
| 100 ## - ENTRADA PRINCIPAL - NOME PESSOAL | |
| Nome pessoal | Andrade, Vanda Maria Sales de |
| 100 ## - ENTRADA PRINCIPAL - NOME PESSOAL | |
| Nome pessoal | Oliveira, Francisco de Assis |
| 245 ## - TÍTULO PRINCIPAL | |
| Título principal | Influência da remoção de serapilheira no teor de fósforo e potássio na Amazônia OrientaL |
| 500 ## - NOTA GERAL | |
| Nota geral | <br/>Publicação online; 36 ref.; Summaries (En, Pt) |
| 942 ## - ADDED ENTRY ELEMENTS (KOHA) | |
| Koha item type | Analítica |
| 520 ## - NOTA DE RESUMO | |
| Nota de conteúdo | <br/><br/><br/>RESUMO - O objetivo deste estudo foi avaliar o efeito da remoção e sazonalidade da precipitação na deposição de serapilheira e teor dos nutrientes P e K em uma floresta em estágio sucessional no município de Castanhal-PA. Foram estabelecidos dois sistemas: 1) Remoção: retirada da serapilheira do solo e; 2) Controle ou testemunha: sem a retirada de serapilheira. Com isso, foram instalados 12 coletores de 1 m² em cada sistema para quantificação mensal da massa seca e obtenção dos teores de P e K. A deposição total de serapilheira foi de 6,65 e 6,24 Mg ha-1 ano-1 para os sistemas controle e remoção respectivamente, não diferindo entre si (p < 0,05). A remoção da serapilheira não alterou o teor de P e K, no entanto, houve variação ao longo dos meses, com maiores valores de P no período de maior precipitação pluviométrica, com o K apresentando padrão inverso. Portanto a produção de serapilheira apresentou-se sazonal durante o ano de e a remoção da serapilheira não causou alteração no teor de P e K, sendo que, a precipitação pluviométrica foi a variável climática que influenciou no teor desses elementos. <br/><br/><br/>Palavras-chave: Amazônia brasileira; ciclagem de nutrientes; floresta secundária |
| 520 ## - NOTA DE RESUMO | |
| Nota de conteúdo | <br/><br/><br/>ABSTRACT - The aim of this study was to evaluate the effect of removing and seasonality of precipitation on litter deposition and content of nutrients P and K in a forest successional stage in the city of Castanhal-PA. Two systems were established: 1) removal: removal of soil and litter: 2) Control or witness, without the removal of litter. With this, 12 collectors of 1 m² were installed in each system for monthly quantification of the dry mass and obtain the contents of P and K. The total litter deposition was 6.65 and 6.24 Mg ha-1yr-1 for control systems and removal respectively, did not differ from each other (p < 0.05). The removal of litter did not change the content of P and K, however, there was change over the months, with higher P values in the period of increased rainfall, with the K featuring reverse pattern. Therefore, litter production has performed seasonal during the year and the removal of litter caused no change in P and K content, and the rainfall was the climate variable that influenced the content of these elements. <br/><br/><br/>Key words: brazilian Amazon; nutrient cycling; secondary forest |
| 650 ## - ASSUNTO - THESAGRO | |
| Cabeçalho tópico ou nome geográfico | ANÁLISE DO SOLO |
| 650 ## - ASSUNTO - THESAGRO | |
| Cabeçalho tópico ou nome geográfico | FLORESTA SECUNDÁRIA |
| 650 ## - ASSUNTO - THESAGRO | |
| Cabeçalho tópico ou nome geográfico | NUTRIENTE |
| 650 ## - ASSUNTO - THESAGRO | |
| Cabeçalho tópico ou nome geográfico | SERAPILHEIRA |
| 650 ## - ASSUNTO - THESAGRO | |
| Cabeçalho tópico ou nome geográfico | AMAZÕNIA |
| 773 0# - ENTRADA ANALÍTICA | |
| Host Biblionumber | 4656 |
| Registro do item | 360167 |
| Imprenta | Recife-PE Universidade Federal Rural de Pernambuco 2006 |
| Outro identificador | 2026-0555 |
| Título | Revista Brasileira de Ciências Agrárias (Brazil) |
| ISSN | 1981-1160 |
| Colação | v. 12(3) p. 380-385; (2017) |
| Número de controle de registro | BR2025005594 |
| 856 ## - ACESSO E ENDEREÇO ELETRÔNICO | |
| Identificador uniforme de recurso - URI | http://www.agraria.pro.br/ojs32/index.php/RBCA/article/view/v12i3a5458/424 |
Nenhum exemplar disponível.

BINAGRI